Structured programming /

Guardado en:
Autor Principal: Dahl, Ole-Johan, 1931-
Otros Autores: Dijkstra, Edsger Wybe., Hoare, C. A. R. 1934-
Formato: Libro
Idioma:English
Publicado: London : Academic Press, 1972.
Series:A.P.I.C. studies in data processing ; no. 8.
Materias:
Etiquetas: Agregar Etiqueta
Sin Etiquetas, Sea el primero en etiquetar este registro!
LEADER 01011cam a2200253 a 4500
001 MAT.inmabb003518
008 730221s1972####enka#####b####000#0#eng##
005 20160311161437.0
245 1 0 |a Structured programming /  |c O.-J. Dahl, E. W. Dijkstra, C. A. R. Hoare. 
260 |a London :  |b Academic Press,  |c 1972. 
300 |a viii, 220 p. :  |b il. ;  |c 24 cm. 
440 0 |a A.P.I.C. studies in data processing ;  |v no. 8. 
504 |a Incluye referencias bibliográficas. 
505 0 |a 1. Notes on structured programming / Edsger W. Dijkstra -- 2. Notes on data structuring / C. A. R. Hoare -- 3. Hierarchical program structures / Ole-Johan Dahl and C. A. R. Hoare. 
510 4 |a MR,  |c 55 #6908 
020 |a 0122005503 
100 1 |a Dahl, Ole-Johan,  |d 1931- 
700 1 |a Dijkstra, Edsger Wybe. 
700 1 |a Hoare, C. A. R.  |q (Charles Antony Richard),  |d 1934- 
650 0 |a Structured programming. 
084 |a 68N??  |2 msc2000 
010 |a  72084452  
040 |a DLC  |c DLC  |d DLC 
859 |h 68  |i D131  |p A-4339  |b BIB. MATEMATICA